00564nam a2200145 a 450000100100000000500170001000800410002704000250006824500860009326000810017930000270026004900090028795201050029699900170040100003194220200930063311.0110707s1991 dr a 000 0 spa d aDO-SdBNPbspacBNPHU00aQué pasa, qué queremos, qué podemos hacer? :bel diagnóstico comunitario. aSanto Domingo :bCentro de Salidaridad para el Desarrllo de la Mujer,c1991. a26 p. :bil. ;c28 cm. aBNPD 0010718PDaPDbPDcCTd2011-07-07iLF1l0o p31942-10r2020-06-25w2020-06-25yLFPDZNo se presta c31433d31433